General Analogies #3 - Statistics

General Stats
  • This quiz has been taken 182 times
  • The average score is 7 of 22
Answer Stats
Hint Answer % Correct
Mosquito is to Zika as ____ is to Bubonic plague Flea
85%
Ukulele is to guitar as piccolo is to _____ Flute
74%
Sprite is to Coke as ____ is to Pepsi 7-Up
65%
Impaler is to Vlad as ______ is to Jack Ripper
58%
Las Vegas is to United States as _____ is to China Macau
51%
Washington is to Smallpox as Delano Roosevelt is to _____ Polio
48%
Thumbs-up is to Facebook as _____ is to Instagram Heart
44%
Pol is to Cambodia as ___ is to China Mao
41%
Arigato is to thank you as kawaii is to ____ Cute
32%
Assassination is to Lincoln as ____ is to Hamilton Duel
29%
Fresh Off the Boat is to Chinese as The Real O'Neals is to _____ Irish
28%
Disposophobia is to Ariel as Stockholm Syndrome is to _____ Belle
26%
Jake is to dog as ____ is to human Finn
23%
Thames is to England as _______ is to Ireland Shannon
19%
Judas is to Jesus as ______ is to Continental army Arnold
18%
Macarena is to 1996 as ______ _____ is to 2013 Harlem Shake
16%
Gloria is to Colombia as Lily is to _______ Vietnam
16%
Dogs are to Pavlov as _____ are to Mengele Twins
12%
Garlic is to vampire as ______ is to sea bear Circle
7%
Gondola ride is to Venetian as roller coaster is to ___ ____ ___ ____ New York New York
6%
Mockingjay is to Hunger Games as Reached is to _______ Matched
3%
Robin is to Batman as ____ is to Phoenix Wright Maya
3%
No matching quizzes found
Score Distribution
Percent of People with Each Score
Percentile by Number Answered
Your Score History
You have not taken this quiz